000 00793nam a22002297a 4500
005 20170706161356.0
010 _aB-668108
020 _a9789332535190
_c869.00
035 _aB-668108
037 _bTachniz
_adpl
082 _a660.63
100 _aCappuccino, James
245 _aMicrobiology: a laboratory manual /
_cby James Cappuccino and Natalie Sherman
250 _a10th ed.
260 _aNoida
_bPearson India
_c2014
270 _a7th Floor, Knowledge Bopulevard, A-8(A), Sector-62
_bNoida
_e201309
300 _a565p.:
_c28cm(pbk)
_bill.
500 _aIncludes index
700 _a Sherman, Natalie
942 _2ddc
_cEN
_mCAP
_h660.6
999 _c142342
_d142342